000 00363nam a2200145Ia 4500
008 220217s9999||||xx |||||||||||||| ||und||
020 _a0-07-049492-4
082 _a621.381 JAI
100 _aJain, R.P
245 0 _aModern digital electronics
250 _a3rd
260 _aTata mcgraw hill
_bNew Delhi
_c2003
300 _b210
650 _aELECTRONICS
999 _c171333
_d171333